| 000 | 01210nam a2200241Ia 4500 | ||
|---|---|---|---|
| 003 | Ost | ||
| 005 | 20260416102350.0 | ||
| 008 | 260416s9999||||xx |||||||||||||| ||und|| | ||
| 040 | _cfsecg | ||
| 041 | _aara | ||
| 082 | _a332.75 | ||
| 100 |
_aباشا، محمد _eمؤلف |
||
| 245 | 0 |
_aمحاضرات في الإفلاس والتسويق القضائية / _c محمد باشا |
|
| 260 |
_aالجزائر _bجامعة الجزائر3: كلية العلوم الإقتصادية، العلوم التجارية وعلوم التسيير _c2011 |
||
| 300 |
_a59 ورقة _bايضاحات _c30 سم |
||
| 504 | _aمراجع ص.57 | ||
| 520 | _aظهور فكرة الافلاس، تعريف الافلاس وانواعه، الخصائص العامة للافلاس، شروط شهر الافلاس،افلاس الشركات، الصلح الوقائي، جرائم الافلاس | ||
| 653 | _aالافلاس | ||
| 653 | _aالجرائم الاقتصادية | ||
| 653 | _aالصلح الواقي من الافلاس | ||
| 710 |
_aجامعة الجزائر3: كلية العلوم الإقتصادية، العلوم التجارية وعلوم التسيير _eناشر علمي |
||
| 942 | _cHANDOUT | ||
| 999 |
_c40955 _d40955 |
||